Havelis of old Delhi / (Record no. 35094)

MARC details
000 -LEADER
fixed length control field 01435nam a2200313 a 4500
005 - DATE AND TIME OF LATEST TRANSACTION
control field 20100406122557.0
008 - FIXED-LENGTH DATA ELEMENTS--GENERAL INFORMATION
fixed length control field 920710s1992 ii a | b 00| 0 eng
010 ## - LCCN (DPL NO)
LC control number B-379452
020 ## - INTERNATIONAL STANDARD BOOK NUMBER
Terms of availability 1800.00
035 ## - SYSTEM CONTROL NUMBER
System control number B-379452
035 ## - SYSTEM CONTROL NUMBER
System control number B-368663
037 ## - SOURCE OF ACQUISITION
Source of stock number/acquisition UBH
040 ## - CATALOGING SOURCE
Original cataloging agency dpl
Language of cataloging English
082 ## - DEWEY DECIMAL CLASSIFICATION NUMBER
Classification number 728.8095456
100 ## - MAIN ENTRY--PERSONAL NAME
Personal name Varma, Pavan K.
245 ## - TITLE STATEMENT
Title Havelis of old Delhi /
Statement of responsibility, etc by Pavan K. Varma ; photographed by Sondeep Shankar
260 ## - PUBLICATION, DISTRIBUTION, ETC. (IMPRINT)
Place of publication, distribution, etc New Delhi
Name of publisher, distributor, etc Bookwise
Date of publication, distribution, etc 1999(repr.)
270 ## - ADDRESS
Address AVG Bhawan, M3 Connaught Circus,
City New Delhi
Postal code 110001
300 ## - PHYSICAL DESCRIPTION
Extent 126 p. :
Other physical details ill(some col.), maps, ports.(some col.)
Dimensions 29 cm (Hb)
504 ## - BIBLIOGRAPHY, ETC. NOTE
Bibliography, etc Includes bibliographical references
650 ## - SUBJECT ADDED ENTRY--TOPICAL TERM
Topical term or geographic name as entry element Havelis
Geographic subdivision India
-- Delhi.
650 ## - SUBJECT ADDED ENTRY--TOPICAL TERM
Topical term or geographic name as entry element Historic buildings
Geographic subdivision India
-- Delhi.
651 ## - SUBJECT ADDED ENTRY--GEOGRAPHIC NAME
Geographic name Delhi (India)
General subdivision History.
942 ## - ADDED ENTRY ELEMENTS (KOHA)
Source of classification or shelving scheme Dewey Decimal Classification
Item type Reference Books
Call number suffix VAR
Classification part 728.8095456
Holdings
Withdrawn status Lost status Source of classification or shelving scheme Damaged status Not for loan Collection code Home library Current library Date acquired Source of acquisition Total Checkouts Full call number Barcode Date last seen Copy number Cost, replacement price Koha item type Cost, normal purchase price
    Dewey Decimal Classification   Not For Loan Reference Central Library Central Library 06/04/2010 UBH/245/24.2.10/178/23.2.10/24.2.10   728.8095456 VAR B-379452 06/04/2010 1 1800.00 English Books  
    Dewey Decimal Classification   Not For Loan Reference Patel Nagar Patel Nagar 08/05/2010 UBH/229/28.1.10/3096/22.1.10/28.1.10   728.8095456 VAR B-368663 08/05/2010 1 1800.00 English Books 1800.00

© Delhi Public Library
Hit Counter
free hit counter